000 00683nam a2200181Ia 4500
003 GCL
005 20240530105245.0
008 140319s9999 xx 000 0 ara d
040 _aGCL /
_cGCL
082 0 4 _a330.121
_bت ت
100 1 _aتقى الدين بن ابى بكر محمد
245 1 0 _aتحرير المقال : فيما يحل ويحرم من بيت المال /
_cتقى الدين بن ابى بكر محمد
260 _a[S.N] :
_bدار الوفاء للطباعة والنشر والتوزيع ،
_c1987
300 _a375 ص
650 0 4 _aالاقتصاد الاسلامى
700 1 _aفتح الله محمد الصليح (تحقيق)
942 _2ddc
_cBK
999 _c54392
_d54392